p-Hydroxy-benzoic acid as an adhesion promoter for rubber compounds to a brass-plated steel cord (Record no. 64928)

MARC details
000 -LEADER
fixed length control field 00553nam a2200181Ia 4500
100 ## - MAIN ENTRY--AUTHOR NAME
Personal name Jeon Gyung Soo
245 #0 - TITLE STATEMENT
Title p-Hydroxy-benzoic acid as an adhesion promoter for rubber compounds to a brass-plated steel cord
260 ## - PUBLICATION, DISTRIBUTION, ETC. (IMPRINT)
Name of publisher Journal of Adhesion Science and Technology
Year of publication 2001
300 ## - PHYSICAL DESCRIPTION
Number of Pages 483-498
650 ## - SUBJECT ADDED ENTRY--TOPICAL TERM
Topical Term Adhesion interphase
650 ## - SUBJECT ADDED ENTRY--TOPICAL TERM
Topical Term Adhesion promoter
650 ## - SUBJECT ADDED ENTRY--TOPICAL TERM
Topical Term AES
650 ## - SUBJECT ADDED ENTRY--TOPICAL TERM
Topical Term p-Hydroxy-benzoic acid
650 ## - SUBJECT ADDED ENTRY--TOPICAL TERM
Topical Term Rubber-to-brass bonding
700 ## - ADDED ENTRY--PERSONAL NAME
Personal name Seo Gon
942 ## - ADDED ENTRY ELEMENTS (KOHA)
Koha item type Journals
Holdings
Withdrawn status Lost status Damaged status Not for loan Home library Current library Shelving location Date acquired Serial Enumeration / chronology Koha item type
      Journals RRII Library RRII Library Rubber chemistry 17/12/2021 Volume 15, Issue 4 Journals